Geography Quiz

Random Geography or Asia Quiz

'G' in Asia Quiz Stats

 Plays Quiz Updated Jul 21, 2016

Also try: 'K' in Asia
Challenge
Share
Tweet
Embed
Score 0/6 Timer 01:30
2 Plays Today
% Correct
Mongolia
77.2%
Afghanistan
73.9%
Georgia
73.7%
Bangladesh
67.9%
Kyrgyzstan
67.4%
Singapore
60.8%

You're not logged in!

Compare scores with friends on all Sporcle quizzes.
Join for Free
OR
Log In

You Might Also Like...

Show Comments

Extras

Top Quizzes Today


Score Distribution

Your Account Isn't Verified!

In order to create a playlist on Sporcle, you need to verify the email address you used during registration. Go to your Sporcle Settings to finish the process.

Report this User

Report this user for behavior that violates our Community Guidelines.

Details: